000 00431cam a2200157 a 4500
020 _a0134819462
040 _cDLC
082 0 0 _a540 PRE 1994 A025 Or.
100 1 _aCorwin, Charles H.
245 1 0 _aChemistry :
_bconcepts and connections /
260 _aEnglewood Cliffs, N.J. :
_bPrentice Hall,
_cc1994.
300 _axx, 739 p. :
_bill. (some col.) ;
_c27 cm.
500 _aIncludes index.
650 0 _aChemistry
942 _cEK
999 _c13653
_d13653